000 00613nam a22001695i 4500
001 54426
003 ES-MaACL
005 20230906162943.0
007 t|
008 960722q18011900fr ||||1| fre d
040 _aCAM
_bspa
_cCAM
100 1 _aFort, Joseph Auguste.
_951835
245 1 0 _aNouvel abrégé d'anatomie descriptive
_b: contenant la description de tous les organes, la structure des principaux tissus ... /
_cpar J. A. Fort.
260 _aParis :
_baux Bureaux de Paris-Medical,
_c[18--?] (
_eCorbeil :
_ftypographie de Crete)
300 _a[4], 486 p. :
_bil. ;
_c14 cm.
852 _aES-MaACL
_jG-870
999 _c54426
_d54426